El desprecio cero (Registro nro. 2827)
[ vista simple ]
| 000 -LEADER | |
|---|---|
| fixed length control field | 01042 a2200229 4500 |
| 001 - CONTROL NUMBER | |
| control field | 37879 |
| 005 - DATE AND TIME OF LATEST TRANSACTION | |
| control field | 20260407155645.0 |
| 008 - FIXED-LENGTH DATA ELEMENTS--GENERAL INFORMATION | |
| fixed length control field | 260407a1991 arg spa d |
| 003 - CONTROL NUMBER IDENTIFIER | |
| control field | AR-UNSa-BCEJYS |
| 040 ## - CATALOGING SOURCE | |
| Original cataloging agency | AR-UNSa-BCEJYS |
| Language of cataloging | spa |
| Transcribing agency | AR-UNSa-BCEJYS |
| 080 ## - UNIVERSAL DECIMAL CLASSIFICATION NUMBER | |
| Universal Decimal Classification number | 658.56 |
| Common auxiliary subdivision | Control de la calidad. Control de herramientas y material |
| 020 ## - INTERNATIONAL STANDARD BOOK NUMBER | |
| International Standard Book Number | 84-7615-595-6 |
| 100 1# - MAIN ENTRY--PERSONAL NAME | |
| Personal name | Sérieyx, Hervé |
| 245 10 - TITLE STATEMENT | |
| Title | El desprecio cero |
| 264 #1 - PRODUCTION, PUBLICATION, DISTRIBUTION, MANUFACTURE, AND COPYRIGHT NOTICE | |
| Place of production, publication, distribution, manufacture | Madrid : |
| Name of producer, publisher, distributor, manufacturer | McGraw-Hill |
| Date of production, publication, distribution, manufacture, or copyright notice | 1991 |
| 300 ## - PHYSICAL DESCRIPTION | |
| Extent | 154 p. |
| Dimensions | 23 cm. |
| 505 ## - FORMATTED CONTENTS NOTE | |
| Formatted contents note | 1. El coste del desprecio. siete anéctodas para nuestros hijos - 2. La economía del tercer tipo: de la guerra contra el despilfarro a la proliferación - 3. El despercio cero y la empresa - 4. El desprecio cero y la adminstración - 5. El desprecio cero y la educación - 7. Las herramientas del despercio cero: cuestión de ética. |
| 590 ## - LOCAL NOTE (RLIN) | |
| Local note | niveau_biblio:m niveau_hierar:0 |
| 700 1# - ADDED ENTRY--PERSONAL NAME | |
| Personal name | Lefort, Rafael |
| 856 41 - ELECTRONIC LOCATION AND ACCESS | |
| Uniform Resource Identifier | <a href="https://biblioeco.unsa.edu.ar/pmb/images/libros/L58739.jpg">https://biblioeco.unsa.edu.ar/pmb/images/libros/L58739.jpg</a> |
| Link text | Imagen de portada |
| Electronic format type | image/jpeg |
| 942 ## - ADDED ENTRY ELEMENTS (KOHA) | |
| Koha item type | |
| Withdrawn status | Lost status | Damaged status | Not for loan | Home library | Current library | Shelving location | Date acquired | Total checkouts | Full call number | Barcode | Date last seen | Price effective from | Koha item type |
|---|---|---|---|---|---|---|---|---|---|---|---|---|---|
| Biblioteca Prof. Eusebio Cleto del Rey | Biblioteca Prof. Eusebio Cleto del Rey | 07/04/2026 | 658.56 S485 | L58739 | 07/04/2026 | 07/04/2026 | Libro |